International Economics; (Record no. 36487)
[ view plain ]
| 000 -LEADER | |
|---|---|
| fixed length control field | 00523nam a22001937a 4500 |
| 005 - DATE AND TIME OF LATEST TRANSACTION | |
| control field | 20240828105856.0 |
| 008 - FIXED-LENGTH DATA ELEMENTS--GENERAL INFORMATION | |
| fixed length control field | 240828b |||||||| |||| 00| 0 eng d |
| 020 ## - INTERNATIONAL STANDARD BOOK NUMBER | |
| ISBN | 81-7758-830-3 |
| 082 ## - DEWEY DECIMAL CLASSIFICATION NUMBER | |
| Classification number | 337 |
| Item number | KRU-I |
| 100 ## - MAIN ENTRY--AUTHOR | |
| Author Name | Krugman, Paul.R |
| 245 ## - TITLE STATEMENT | |
| Title | International Economics; |
| Remainder of title | Theory and Pol;icy/ |
| Statement of responsibility, etc. | Paul R. Krugman |
| 250 ## - EDITION STATEMENT | |
| Edition statement | 6th ed. |
| 260 ## - PUBLICATION, DISTRIBUTION, ETC. | |
| Place of Publication | India; |
| Name of publisher, distributor, etc. | Pearson Education; |
| Date of publication, distribution, etc. | 2003 |
| 300 ## - PHYSICAL DESCRIPTION | |
| Pages | 786 p.; |
| 500 ## - GENERAL NOTE | |
| General note | Includes index. |
| 650 ## - SUBJECT ADDED ENTRY--TOPICAL TERM | |
| Subject / Department | Economics |
| 700 ## - ADDED ENTRY--PERSONAL NAME | |
| Personal name | Maurice Obstfelf |
| 300 ## - PHYSICAL DESCRIPTION | |
| -- | 24 cm. |
| 952 ## - LOCATION AND ITEM INFORMATION (KOHA) | |
| -- | 0 |
| -- | 0 |
| 952 ## - LOCATION AND ITEM INFORMATION (KOHA) | |
| -- | 0 |
| -- | 0 |
| Lost status | Damaged status | Collection code | Permanent Location | Current Location | Shelving Location | Date acquired | Full Call Number | Accession No./Barcode | Date last seen | Copy number | item type | Koha item type |
|---|---|---|---|---|---|---|---|---|---|---|---|---|
| Economics/Commerce | Superior Information Resource Center (SIRC) Superior University - City Campus | Superior Information Resource Center (SIRC) Superior University - City Campus | Economics | 08/28/2024 | 337 KRU-I 2003 | 2388 | 08/28/2024 | 1 | BOOK | BOOK | ||
| Economics/Commerce | Superior Information Resource Center (SIRC) Superior University - City Campus | Superior Information Resource Center (SIRC) Superior University - City Campus | Economics | 08/28/2024 | 337 KRU-I 2003 | 4518 | 08/28/2024 | 2 | BOOK | BOOK |
